| 000 | 00665nam a22002177a 4500 | ||
|---|---|---|---|
| 999 |
_c12880 _d12880 |
||
| 003 | AR-CdUCM | ||
| 008 | 190410b ||||| |||| 00| 0 spa d | ||
| 040 |
_aMUNICIPALIDAD PROVINCIAL DEL CUSCO _cBIBLIOTECA MUNICIPAL DEL CUSCO |
||
| 082 |
_a869.56 / _bAL35 / 1956 |
||
| 100 |
_aAlayza, Luis _926988 |
||
| 245 |
_aSinchi Munaican : _bCuentos Peruanos / |
||
| 260 |
_aBuenos Aires : _bGadola, _c1956. |
||
| 300 |
_a196 páginas ; _c18 cm. |
||
| 505 | _aContenido: Cuentos. | ||
| 650 |
_aLiteratura Peruana _9132 |
||
| 650 |
_aSiglo XX _98 |
||
| 650 |
_aCuentos _9217 |
||
| 700 |
_aSoldan, Paz (coautor) _930984 |
||
| 942 |
_2ddc _cLIBROS |
||
| 945 |
_aachl _d2019-04-10 |
||